| 000 | 00442nam a22001811a 4500 | ||
|---|---|---|---|
| 020 | _c0.00 | ||
| 040 | _aSSUS - Library - Kalady | ||
| 082 |
_aM2 _bKAL/T |
||
| 100 | _akalyaaNikkutti amma | ||
| 245 |
_aThryambakam _h[Text] |
||
| 260 |
_aErnakulam _bKurukshethra _c1997 |
||
| 300 | _a39p. | ||
| 600 | _aLiterature | ||
| 600 | _aLiterature Malayalam | ||
| 600 | _aDrama Malayalam | ||
| 852 |
_920.00 _r |
||
| 942 | _cBK | ||
| 999 |
_c47129 _d47129 |
||